| 000 | 00414nam a2200169Ia 4500 | ||
|---|---|---|---|
| 999 |
_c11322 _d11322 |
||
| 003 | OSt | ||
| 005 | 20230321145258.0 | ||
| 008 | 230307s9999 xx 000 0 und d | ||
| 020 | _a9781138293472 | ||
| 028 | _bRoutledge | ||
| 082 |
_a307.121609 _bMOR |
||
| 100 | _aMorris | ||
| 245 | 0 | _aHistory of urban form before the industrial revolution | |
| 260 |
_aNew York _bRoutledge |
||
| 300 | _a444p;. | ||
| 942 | _2ddc | ||